LEADER 01297nam--2200397---450- 001 990000957650203316 005 20050803145622.0 010 $a92-826-9581-6 035 $a0095765 035 $aUSA010095765 035 $a(ALEPH)000095765USA01 035 $a0095765 100 $a20020212d1996----km-y0itay0103----ba 101 $afre 102 $aLU 105 $a||||||||001yy 200 1 $a<> bases de donnèes de l'Union européenne$eun repertoire des produits et des services d'information electroniques 210 $aLuxembourg$cOffice des publications officielles des Communautés européennes$d1996 215 $aVIII, 85 p$d25 cm$eerr. corr. 410 $12001 676 $a341.2422 699 $aCDE 19.01$bInformazione 710 02$aUnione europea$0361259 801 0$aIT$bsalbc$gISBD 912 $a990000957650203316 951 $aCDE 19.01 (XX)$bCDE 530$cCDE 19.01$d00148762 959 $aBK 969 $aCDE 979 $aPATTY$b90$c20020212$lUSA01$h1628 979 $c20020403$lUSA01$h1738 979 $aPATRY$b90$c20040406$lUSA01$h1706 979 $aCDE$b90$c20050803$lUSA01$h1456 979 $aPATRY$b90$c20060718$lUSA01$h1617 979 $aCHIARA$b90$c20101001$lUSA01$h1053 996 $aBases de donnèes de l'Union européenne$9973460 997 $aUNISA